30-second mythology : (Record no. 1737)

MARC details
000 -LEADER
fixed length control field 01563cam a2200397 i 4500
001 - CONTROL NUMBER
control field data
005 - DATE AND TIME OF LATEST TRANSACTION
control field 20260322212115.0
008 - FIXED-LENGTH DATA ELEMENTS--GENERAL INFORMATION
fixed length control field data
035 ## - SYSTEM CONTROL NUMBER
System control number 18750330
010 ## - LIBRARY OF CONGRESS CONTROL NUMBER
LC control number 2015451455
020 ## - INTERNATIONAL STANDARD BOOK NUMBER
International Standard Book Number 9781435140660
Qualifying information hardcover
020 ## - INTERNATIONAL STANDARD BOOK NUMBER
International Standard Book Number 1435140664
035 ## - SYSTEM CONTROL NUMBER
System control number (OCoLC)821067225
040 ## - CATALOGING SOURCE
Original cataloging agency IMF
Language of cataloging eng
Description conventions rda
Transcribing agency IMF
Modifying agency DLC
-- DLC
042 ## - AUTHENTICATION CODE
Authentication code lccopycat
050 00 - LIBRARY OF CONGRESS CALL NUMBER
Classification number BL783
Item number .A23 2012
245 00 - TITLE STATEMENT
Title 30-second mythology :
Remainder of title the 50 most important classical myths, monsters, heroes, and Gods, each explained in half a minute /
Statement of responsibility, etc. editor, Robert A. Segal ; contributors Viv Croot, Susan Deacy, Emma Griffiths, William Hansen, Geoffrey Miles, Barry B. Powell, Robert A. Segal.
246 3# - VARYING FORM OF TITLE
Title proper/short title Thirty second mythology
264 #1 - PRODUCTION, PUBLICATION, DISTRIBUTION, MANUFACTURE, AND COPYRIGHT NOTICE
Place of production, publication, distribution, manufacture New York :
Name of producer, publisher, distributor, manufacturer Metro Books,
Date of production, publication, distribution, manufacture, or copyright notice 2012.
300 ## - PHYSICAL DESCRIPTION
Extent 160 pages :
Other physical details color illustrations ;
Dimensions 24 cm
336 ## - CONTENT TYPE
Content type term text
Content type code txt
Source rdacontent
337 ## - MEDIA TYPE
Media type term unmediated
Media type code n
Source rdamedia
338 ## - CARRIER TYPE
Carrier type term volume
Carrier type code nc
Source rdacarrier
504 ## - BIBLIOGRAPHY, ETC. NOTE
Bibliography, etc. note Includes bibliographical references (pages 154-156) and index.
650 #0 - SUBJECT ADDED ENTRY--TOPICAL TERM
Topical term or geographic name entry element Mythology, Classical.
650 #0 - SUBJECT ADDED ENTRY--TOPICAL TERM
Topical term or geographic name entry element Mythology, Greek.
650 #0 - SUBJECT ADDED ENTRY--TOPICAL TERM
Topical term or geographic name entry element Mythology, Roman.
650 #7 - SUBJECT ADDED ENTRY--TOPICAL TERM
Topical term or geographic name entry element Mythology.
Source of heading or term fast
Authority record control number or standard number (OCoLC)fst01031701
650 #7 - SUBJECT ADDED ENTRY--TOPICAL TERM
Topical term or geographic name entry element Mythology, Classical.
Source of heading or term fast
Authority record control number or standard number (OCoLC)fst01031758
650 #7 - SUBJECT ADDED ENTRY--TOPICAL TERM
Topical term or geographic name entry element Mythology, Greek.
Source of heading or term fast
Authority record control number or standard number (OCoLC)fst01031804
650 #7 - SUBJECT ADDED ENTRY--TOPICAL TERM
Topical term or geographic name entry element Mythology, Roman.
Source of heading or term fast
Authority record control number or standard number (OCoLC)fst01031887
700 1# - ADDED ENTRY--PERSONAL NAME
Personal name Segal, Robert Alan.
906 ## - LOCAL DATA ELEMENT F, LDF (RLIN)
a 7
b cbc
c copycat
d 2
e ncip
f 20
g y-gencatlg
925 0# -
-- acquire
-- 1 shelf copy
-- policy default
Holdings
Withdrawn status Lost status Damaged status Not for loan Home library Current library Shelving location Date acquired Total checkouts Full call number Barcode Date last seen Price effective from Koha item type
        Fairview Fairview General stacks 22/03/2026   BL783 LOC-FPL-00022 22/03/2026 22/03/2026 Books